[Event "Barcelona Sant Marti op-A 25th"]
[Site "Barcelona"]
[Date "2025.07.15"]
[Round "3"]
[White "Marium, Fatima"]
[Black "Carrasco Rodriguez, Jesus"]
[Result "1-0"]
[WhiteElo "1929"]
[BlackElo "2141"]
[PlyCount "63"]
[EventDate "2025.07.13"]
[EventType "swiss"]
[EventRounds "9"]
[EventCountry "ESP"]
[SourceTitle "CB30_2025"]
[SourceDate "2025.07.23"]
[SourceVersion "1"]
[SourceVersionDate "2025.07.23"]
[SourceQuality "1"]

1. d4 Nf6 2. c4 e6 3. g3 d5 4. Nf3 dxc4 5. Bg2 Nc6 6. 0-0 Rb8 7. e3 b5 8. Qe2 Be7 9. Rd1 Bb7 10. Nc3 b4 11. Nb1 Na5 12. Nbd2 0-0 13. Nxc4 Nxc4 14. Qxc4 c5 15. Qe2 Qb6 16. Bd2 Rbc8 17. dxc5 Bxc5 18. Ne5 Ba6 19. Qe1 Bd6 20. Nf3 e5 21. a3 bxa3 22. bxa3 Bb8 23. Bb4 Rfd8 24. Rxd8+ Qxd8 25. Bh3 e4 26. Nd4 Qe8 27. Nf5 Rc2 28. Qd1 Be5 29. Qxc2 Bxa1 30. Qc5 h6 31. Qxa7 Bd3 32. Nd6 1-0

[Event "Barcelona Sant Marti op-A 25th"]
[Site "Barcelona"]
[Date "2025.07.14"]
[Round "2"]
[White "Kshatriya, Nitin Vekhande"]
[Black "Marium, Fatima"]
[Result "1-0"]
[WhiteElo "2255"]
[BlackElo "1929"]
[PlyCount "49"]
[EventDate "2025.07.13"]
[EventType "swiss"]
[EventRounds "9"]
[EventCountry "ESP"]
[SourceTitle "CB30_2025"]
[SourceDate "2025.07.23"]
[SourceVersion "1"]
[SourceVersionDate "2025.07.23"]
[SourceQuality "1"]

1. e4 e6 2. d3 d5 3. Nd2 Nf6 4. Ngf3 Nc6 5. Be2 Bc5 6. c3 dxe4 7. dxe4 a5 8. 0-0 0-0 9. e5 Nd7 10. Ne4 Be7 11. Bf4 b6 12. Qc2 Ba6 13. Bxa6 Rxa6 14. Rad1 Qc8 15. Neg5 g6 16. Rfe1 Rd8 17. h4 Bf8 18. h5 Ne7 19. Ne4 Bg7 20. h6 Bh8 21. Bg5 Re8 22. Qd2 Nf8 23. Bxe7 Rxe7 24. Qg5 f6 25. exf6 1-0

[Event "Wch U20 Girls 40th"]
[Site "Gandhinagar"]
[Date "2024.06.12"]
[Round "10"]
[White "Marium, Fatima"]
[Black "Tejaswini, G."]
[Result "0-1"]
[WhiteElo "1905"]
[BlackElo "2059"]
[PlyCount "132"]
[EventDate "2024.06.02"]
[EventType "swiss"]
[EventRounds "11"]
[EventCountry "IND"]
[SourceTitle "CBM 220 Extra"]
[Source "ChessBase"]
[SourceDate "2024.07.31"]
[SourceVersion "1"]
[SourceVersionDate "2024.07.31"]
[SourceQuality "1"]

1. d4 Nf6 2. c4 g6 3. g3 Bg7 4. Bg2 0-0 5. Nc3 d6 6. Nf3 c6 7. e4 Nbd7 8. 0-0 e5 9. h3 Re8 10. Be3 Qc7 11. d5 Nc5 12. Nd2 a5 13. Kh2 h5 14. a3 a4 15. Bxc5 dxc5 16. Nxa4 cxd5 17. cxd5 b5 18. Nc3 Bd7 19. Qc2 Rec8 20. Nd1 Bh6 21. Ne3 Ne8 22. Qc3 f6 23. Rfc1 Nd6 24. Nef1 Kh7 25. Re1 Nf7 26. Nf3 Bf8 27. Rac1 Qd6 28. Ne3 Be7 29. Ng1 Bd8 30. Rf1 Ba5 31. Qc2 Bb6 32. Qe2 c4 33. f4 exf4 34. Rxf4 Kg7 35. Rcf1 Bd8 36. Nf3 Ne5 37. Nd4 Nd3 38. Rh4 Bc7 39. Rf3 Qe5 40. Nec2 Qg5 41. e5 Bxe5 42. Re4 h4 43. Kh1 hxg3 44. Ne3 Nf2+ 45. Rxf2 gxf2 46. Qxf2 Bxd4 47. Rxd4 Re8 48. Nf1 Re5 49. Ng3 Qe3 50. Qxe3 Rxe3 51. Kh2 f5 52. Rd2 Rae8 53. Rf2 Kf6 54. Bf1 g5 55. a4 f4 56. Ne2 bxa4 57. Nd4 c3 58. bxc3 Rxc3 59. Nb5 Rc1 60. Nd4 Ree1 61. Bg2 Red1 62. Ne2 Rc2 63. Be4 Rcd2 64. Bf3 a3 65. h4 g4 66. Be4 g3+ 0-1

[Event "Wch U20 Girls 40th"]
[Site "Gandhinagar"]
[Date "2024.06.10"]
[Round "8"]
[White "Marium, Fatima"]
[Black "Jain, Ashita"]
[Result "1-0"]
[WhiteElo "1905"]
[BlackElo "1744"]
[PlyCount "103"]
[EventDate "2024.06.02"]
[EventType "swiss"]
[EventRounds "11"]
[EventCountry "IND"]
[SourceTitle "CBM 220 Extra"]
[Source "ChessBase"]
[SourceDate "2024.07.31"]
[SourceVersion "1"]
[SourceVersionDate "2024.07.31"]
[SourceQuality "1"]

1. d4 d5 2. c4 e6 3. Nf3 Nf6 4. g3 Be7 5. Bg2 0-0 6. 0-0 c6 7. Qc2 b6 8. Ne5 Bb7 9. cxd5 Nxd5 10. Rd1 Qc8 11. e4 Nf6 12. Nc3 Nbd7 13. Bg5 h6 14. Nxd7 Qxd7 15. Bxf6 Bxf6 16. e5 Be7 17. Qe2 Qc7 18. Qg4 c5 19. d5 exd5 20. Nxd5 Bxd5 21. Bxd5 Rad8 22. Qf5 c4 23. h4 Bc5 24. Kh2 Rde8 25. f4 b5 26. Re1 c3 27. bxc3 Bf2 28. Rec1 Rd8 29. c4 bxc4 30. Bxc4 Rd2 31. Rc2 Rfd8 32. Kh3 Rxc2 33. Qxc2 Qc8+ 34. e6 fxe6 35. f5 Kh8 36. fxe6 Qc5 37. Rf1 Rf8 38. Qe4 Qe7 39. Bd3 g6 40. Qxg6 Rf6 41. Qg4 Rf8 42. Qe4 Rf6 43. Kg2 Rxe6 44. Qa8+ Kg7 45. Rxf2 Qc5 46. Qb7+ Re7 47. Qf3 Rc7 48. Qf6+ Kg8 49. Qg6+ Kh8 50. Qxh6+ Kg8 51. Bc4+ Qxc4 52. Rf8# 1-0

[Event "Wch U20 Girls 40th"]
[Site "Gandhinagar"]
[Date "2024.06.04"]
[Round "3"]
[White "Rakshitta, Ravi"]
[Black "Marium, Fatima"]
[Result "1-0"]
[WhiteElo "2271"]
[BlackElo "1905"]
[PlyCount "115"]
[EventDate "2024.06.02"]
[EventType "swiss"]
[EventRounds "11"]
[EventCountry "IND"]
[SourceTitle "CBM 220 Extra"]
[Source "ChessBase"]
[SourceDate "2024.07.31"]
[SourceVersion "1"]
[SourceVersionDate "2024.07.31"]
[SourceQuality "1"]

1. d4 d5 2. Nf3 Nf6 3. g3 e6 4. Bg2 Be7 5. 0-0 0-0 6. c4 dxc4 7. Qc2 a6 8. a4 Nc6 9. Qxc4 Na5 10. Qc2 Nd5 11. Bd2 b6 12. Ne5 Bb7 13. Rd1 Rc8 14. e4 Nb4 15. Bxb4 Bxb4 16. Na3 Qe7 17. Nac4 Nxc4 18. Qxc4 a5 19. Qb5 Rfd8 20. Rac1 Qe8 21. Qxe8+ Rxe8 22. Nc6 Bxc6 23. Rxc6 e5 24. dxe5 Rxe5 25. Rd7 Rc5 26. Rxc5 Bxc5 27. Bf1 Re8 28. Bd3 Bd6 29. f4 Kf8 30. Bb5 Bc5+ 31. Kg2 g6 32. e5 Re7 33. Rd8+ Kg7 34. Bd7 g5 35. Kf3 gxf4 36. gxf4 Bd4 37. b3 Bc5 38. Ke4 f6 39. e6 Bd6 40. Kf5 Bc5 41. Be8 Bb4 42. Bf7 Bc3 43. Kg4 Kh6 44. Rd3 Bb2 45. Rh3+ Kg7 46. Kh5 Rxf7 47. Rg3+ Kf8 48. exf7 Kxf7 49. Kh6 Bc1 50. Rg7+ Ke6 51. Rxh7 Kf5 52. h4 Bxf4+ 53. Kg7 Be5 54. Kf7 Bb2 55. Rg7 Ke5 56. h5 Bc1 57. Kg6 f5 58. Rxc7 1-0

[Event "Asia-ch Blitz U20 Girls"]
[Site "Jamshedpur"]
[Date "2023.09.15"]
[Round "1"]
[White "Adra, P."]
[Black "Marium, Fatima"]
[Result "1-0"]
[WhiteElo "1365"]
[BlackElo "1715"]
[PlyCount "73"]
[EventDate "2023.09.15"]
[EventType "swiss (blitz)"]
[EventRounds "9"]
[EventCountry "IND"]
[SourceTitle "CBM 216 Extra"]
[Source "ChessBase"]
[SourceDate "2023.11.30"]
[SourceVersion "1"]
[SourceVersionDate "2023.11.30"]
[SourceQuality "1"]

1. d4 Nf6 2. c4 e6 3. Nc3 d5 4. g3 Be7 5. Bg2 0-0 6. Nf3 dxc4 7. Ne5 c6 8. 0-0 Nbd7 9. Nxc4 Nb6 10. Nxb6 Qxb6 11. e3 h6 12. Qc2 a5 13. b3 Bd7 14. Bb2 Rfc8 15. Rfd1 Be8 16. e4 Qc7 17. Rac1 Qb8 18. Na4 b5 19. Nc5 Nd7 20. e5 Bxc5 21. dxc5 Nxe5 22. Rd6 Nd7 23. Rxc6 Ra7 24. Rxc8 Qxc8 25. c6 Nf6 26. Qc5 Rc7 27. Be5 Nd5 28. Bxd5 exd5 29. Bxc7 Qxc7 30. Qxb5 d4 31. Qb7 Qe5 32. c7 Bd7 33. c8Q+ Bxc8 34. Qxc8+ Kh7 35. Qc2+ g6 36. Qd3 Qg5 37. Rd1 1-0

[Event "IND-ch (Women) 49th"]
[Site "Ahmedabad"]
[Date "2023.07.04"]
[Round "5"]
[White "Marium, Fatima"]
[Black "Kiran, Manisha Mohanty"]
[Result "0-1"]
[WhiteElo "1771"]
[BlackElo "2049"]
[PlyCount "124"]
[EventDate "2023.06.30"]
[EventType "swiss"]
[EventRounds "11"]
[EventCountry "IND"]
[SourceTitle "CBM 215 Extra"]
[Source "ChessBase"]
[SourceDate "2023.09.30"]
[SourceVersion "1"]
[SourceVersionDate "2023.09.30"]
[SourceQuality "1"]

1. d4 Nf6 2. Nf3 g6 3. g3 Bg7 4. Bg2 0-0 5. 0-0 d5 6. c4 dxc4 7. Na3 Nc6 8. Nxc4 Be6 9. Nce5 Bd5 10. Bf4 a5 11. Rc1 h6 12. Nxc6 Bxc6 13. Rxc6 bxc6 14. Ne5 Ra6 15. Nxc6 Qd7 16. Ne5 Qb5 17. Nd3 Rd8 18. Qc1 Rxd4 19. Qxc7 Nd5 20. Qd8+ Kh7 21. Be5 Nf4 22. Bxd4 Nxe2+ 23. Kh1 Nxd4 24. Nf4 Ra7 25. Qd5 Qb6 26. Qxf7 e5 27. Nd5 Rxf7 28. Nxb6 Rc7 29. Be4 h5 30. h4 Bh6 31. Nd5 Rf7 32. Kg2 Kg7 33. Ne3 Rc7 34. b3 Bxe3 35. fxe3 Nb5 36. Rf2 Rc3 37. Re2 Nd6 38. Bd5 e4 39. g4 Kf6 40. Kg3 Ke5 41. Bc4 a4 42. Bg8 a3 43. b4 hxg4 44. Kxg4 Nf5 45. Kg5 Rc1 46. Kxg6 Nxh4+ 47. Kg7 Nf5+ 48. Kh8 Rc8 49. Kh7 Rb8 50. Bb3 Rxb4 51. Re1 Rb7+ 52. Kh8 Rc7 53. Kg8 Rc3 54. Kf7 Nxe3 55. Re2 Nf5 56. Rd2 Nd4 57. Bd1 Rc1 58. Bh5 Rc2 59. Rxc2 Nxc2 60. Ke7 Nb4 61. Bf7 e3 62. Bc4 Nxa2 0-1

[Event "IND-ch (Women) 49th"]
[Site "Ahmedabad"]
[Date "2023.07.01"]
[Round "2"]
[White "Divya, Deshmukh"]
[Black "Marium, Fatima"]
[Result "1-0"]
[WhiteElo "2400"]
[BlackElo "1771"]
[PlyCount "77"]
[EventDate "2023.06.30"]
[EventType "swiss"]
[EventRounds "11"]
[EventCountry "IND"]
[SourceTitle "CBM 215 Extra"]
[Source "ChessBase"]
[SourceDate "2023.09.30"]
[SourceVersion "1"]
[SourceVersionDate "2023.09.30"]
[SourceQuality "1"]

1. d4 Nf6 2. c4 e6 3. Nf3 d5 4. Nc3 Be7 5. Bf4 0-0 6. e3 b6 7. cxd5 Nxd5 8. Nxd5 Qxd5 9. Be2 Qa5+ 10. Nd2 Bb7 11. 0-0 c5 12. Nc4 Qb5 13. Nd6 Qd7 14. Nxb7 Qxb7 15. Bf3 Nc6 16. b4 a6 17. bxc5 b5 18. a4 Rfd8 19. Qb3 Bf6 20. Bd6 b4 21. Bxc6 Qxc6 22. Qxb4 a5 23. Qb5 Rxd6 24. cxd6 Qxd6 25. Rfc1 g6 26. Qb7 Rb8 27. Rc8+ Rxc8 28. Qxc8+ Kg7 29. Qc4 h5 30. h3 g5 31. Rb1 g4 32. hxg4 hxg4 33. Qe2 Bd8 34. Qxg4+ Kf8 35. Qh5 Kg8 36. Rb7 Bc7 37. Qg5+ Kh8 38. Qf4 e5 39. Qxe5+ 1-0

[Event "Bhubaneswar op-A 14th"]
[Site "Bhubaneswar"]
[Date "2023.06.13"]
[Round "4"]
[White "Nimay, Agrawal"]
[Black "Marium, Fatima"]
[Result "1/2-1/2"]
[WhiteElo "1529"]
[BlackElo "1703"]
[PlyCount "146"]
[EventDate "2023.06.11"]
[EventType "swiss"]
[EventRounds "10"]
[EventCountry "IND"]
[SourceTitle "CBM 214 Extra"]
[Source "ChessBase"]
[SourceDate "2023.07.31"]
[SourceVersion "1"]
[SourceVersionDate "2023.07.31"]
[SourceQuality "1"]

1. d4 Nf6 2. Bf4 e6 3. e3 d5 4. Nf3 Be7 5. Bd3 Nbd7 6. Nbd2 c5 7. c3 a6 8. 0-0 b5 9. a3 Bb7 10. Ne5 Qb6 11. Ndf3 a5 12. Ng5 Nxe5 13. dxe5 Ne4 14. Qh5 Bxg5 15. Bxg5 Nxg5 16. Qxg5 0-0 17. Rad1 f5 18. Bc2 Rf7 19. h4 Rd8 20. h5 Rdd7 21. Rd2 Bc6 22. Rfd1 Qb8 23. Qf4 Qd8 24. b4 axb4 25. axb4 c4 26. Rf1 Ra7 27. Bd1 Ra3 28. Qd4 Be8 29. f4 Rfa7 30. Rdf2 Ra2 31. g3 Bf7 32. Bf3 Qe8 33. Qb6 R2a6 34. Qc5 Ra3 35. Rh2 Ra1 36. Rh4 Rxf1+ 37. Kxf1 Ra3 38. Qd4 Qe7 39. Rh2 Qe8 40. Rh4 Ra2 41. Kg1 Qa8 42. Rh2 Ra1+ 43. Kg2 Qe8 44. Qd2 Ra3 45. Rh1 Qa8 46. Qd4 Ra2+ 47. Kh3 Kh8 48. Rh2 Ra1 49. Qc5 Qe8 50. Kh4 Rc1 51. Qd4 Qa8 52. Rh1 Rxh1+ 53. Bxh1 Qd8+ 54. Kh3 Bxh5 55. Qc5 Qe8 56. Bg2 h6 57. Kh2 Kg8 58. Qb6 Qd7 59. Qa6 Be8 60. Qb6 Kh7 61. Bf3 Qe7 62. Kg2 g5 63. Kf2 g4 64. Bg2 h5 65. Kf1 Kg7 66. Qa6 Kf7 67. Qb6 Qd7 68. Kf2 Kg6 69. Kg1 h4 70. gxh4 Kh5 71. Qc5 Qf7 72. Qd6 Kxh4 73. Kf2 Kh5 1/2-1/2

[Event "IND-ch (Women) 48th"]
[Site "Hatkanangale"]
[Date "2023.01.03"]
[Round "9"]
[White "Khairmode, Dhanashree"]
[Black "Marium, Fatima"]
[Result "0-1"]
[WhiteElo "1728"]
[BlackElo "1646"]
[PlyCount "70"]
[EventDate "2022.12.26"]
[EventType "swiss"]
[EventRounds "11"]
[EventCountry "IND"]
[SourceTitle "CBM 212 Extra"]
[Source "ChessBase"]
[SourceDate "2023.03.31"]
[SourceVersion "1"]
[SourceVersionDate "2023.03.31"]
[SourceQuality "1"]

1. e4 e6 2. d4 d5 3. e5 c5 4. c3 Nc6 5. a3 Nge7 6. b4 cxd4 7. cxd4 Nf5 8. Nf3 Bd7 9. Nc3 Rc8 10. Bb2 a6 11. Rc1 b5 12. Be2 a5 13. bxa5 Qxa5 14. Bxb5 Nxe5 15. Bxd7+ Nxd7 16. 0-0 Be7 17. Qa4 Qxa4 18. Nxa4 0-0 19. Rxc8 Rxc8 20. Rc1 Ra8 21. Nc5 Nb6 22. Nd2 Bg5 23. Ncb3 Nc4 24. Rc2 Nxb2 25. Rxb2 Rxa3 26. g4 Nd6 27. Nc5 g6 28. Nf1 Bf6 29. Rb4 Ne4 30. Nd7 Bh4 31. Ng3 Ra1+ 32. Kg2 Ra2 33. Kh3 Bxg3 34. fxg3 Ng5+ 35. Kh4 Nf3+ 0-1

[Event "IND-ch U17 Girls"]
[Site "Bhubaneswar"]
[Date "2022.07.06"]
[Round "8"]
[White "Marium, Fatima"]
[Black "Narahari, Geethika Hasini"]
[Result "1-0"]
[WhiteElo "1560"]
[BlackElo "1240"]
[PlyCount "107"]
[EventDate "2022.07.01"]
[EventType "swiss"]
[EventRounds "11"]
[EventCountry "IND"]
[SourceTitle "EXT 2023"]
[Source "ChessBase"]
[SourceDate "2022.10.05"]
[SourceVersion "1"]
[SourceVersionDate "2022.10.05"]
[SourceQuality "1"]

1. d4 d5 2. Nf3 Nf6 3. g3 Bf5 4. Bg2 e6 5. 0-0 h6 6. c4 c6 7. Qb3 Qb6 8. Nbd2 Be7 9. Ne5 Nbd7 10. Qxb6 axb6 11. cxd5 exd5 12. Ndf3 0-0 13. Bf4 g5 14. Be3 Kg7 15. Rfc1 Rfc8 16. Bd2 c5 17. Be3 Bd6 18. h4 cxd4 19. Rxc8 Rxc8 20. Bxd4 g4 21. Nxd7 Bxd7 22. Ne1 Be6 23. Bxb6 Nd7 24. Bd4+ Be5 25. Bxe5+ Nxe5 26. Rd1 Rc5 27. b3 Ra5 28. Rd2 Kf6 29. e3 Nc6 30. Nd3 Ke7 31. Nf4 Kd6 32. Nxd5 Bxd5 33. e4 Nb4 34. a4 Ke5 35. exd5 Nxd5 36. Kf1 b6 37. Bxd5 Rxd5 38. Rxd5+ Kxd5 39. Ke2 Kc5 40. Kd3 Kb4 41. Kc2 h5 42. Kb2 f6 43. Kc2 Kc5 44. Kc3 Kd5 45. b4 Ke4 46. Kd2 Kf3 47. Ke1 Ke4 48. Ke2 Kd4 49. a5 bxa5 50. bxa5 Kc5 51. f3 gxf3+ 52. Kxf3 Kb5 53. Kf4 Kxa5 54. Kf5 1-0

[Event "IND-ch U20 Girls 50th"]
[Site "Gurugram"]
[Date "2022.03.12"]
[Round "7"]
[White "Marium, Fatima"]
[Black "Abhirami, Madabushi"]
[Result "1-0"]
[WhiteElo "1511"]
[BlackElo "1777"]
[PlyCount "123"]
[EventDate "2022.03.09"]
[EventType "swiss"]
[EventRounds "9"]
[EventCountry "IND"]
[SourceTitle "EXT 2023"]
[Source "ChessBase"]
[SourceDate "2022.10.05"]
[SourceVersion "1"]
[SourceVersionDate "2022.10.05"]
[SourceQuality "1"]

1. d4 Nf6 2. Nf3 g6 3. g3 Bg7 4. Bg2 0-0 5. 0-0 d5 6. c4 dxc4 7. Na3 Nc6 8. Nxc4 Be6 9. Nce5 Nxe5 10. Nxe5 Bd5 11. Nf3 c6 12. b3 a5 13. Bb2 Be4 14. Bh3 Bxf3 15. exf3 Nd5 16. Rc1 Qb6 17. f4 Rfd8 18. f5 a4 19. Rc4 axb3 20. axb3 Ra2 21. Bc1 Rda8 22. fxg6 hxg6 23. Bg2 e6 24. h4 Qd8 25. h5 Qf6 26. Be4 Ra1 27. hxg6 fxg6 28. Qg4 R8a2 29. Bxg6 Ne7 30. Be4 Nf5 31. Bxf5 Qxf5 32. Qxf5 exf5 33. Be3 Kf7 34. Rxa1 Rxa1+ 35. Kg2 Bf8 36. Kf3 Rb1 37. Rc3 Bb4 38. Rd3 Ke6 39. g4 fxg4+ 40. Kxg4 Kd5 41. Kf3 Be7 42. Kf4 Bb4 43. f3 Rh1 44. Kg4 Rf1 45. Bg5 Rg1+ 46. Kf5 Rg3 47. Bh4 Rh3 48. Kg4 Rh1 49. Bd8 Rg1+ 50. Kf5 Re1 51. Bf6 c5 52. dxc5+ Kxc5 53. f4 Kc6 54. Be5 b5 55. Ke6 Bc5 56. Kf6 Re3 57. Rxe3 Bxe3 58. Ke6 Kc5 59. Bd6+ Kd4 60. b4 Kc4 61. f5 Bg5 62. f6 1-0

[Event "World Cup U16 Girls Prel"]
[Site "Tornelo INT"]
[Date "2021.08.06"]
[Round "4"]
[White "Marium, Fatima"]
[Black "Scarsi, Anna Laura"]
[Result "1/2-1/2"]
[WhiteElo "1511"]
[BlackElo "1668"]
[PlyCount "120"]
[EventDate "2021.08.06"]
[EventType "swiss (rapid)"]
[EventRounds "10"]
[EventCountry "NET"]
[SourceTitle "EXT 2025"]
[Source "ChessBase"]
[SourceDate "2024.10.14"]
[SourceVersion "1"]
[SourceVersionDate "2024.10.14"]
[SourceQuality "1"]

1. d4 d5 2. Nf3 c5 3. g3 Nc6 4. Bg2 e6 5. 0-0 Nf6 6. b3 Be7 7. Bb2 0-0 8. Nbd2 Rb8 9. c4 b6 10. Rc1 Bb7 11. Re1 Re8 12. cxd5 exd5 13. Qc2 Rc8 14. Qb1 Ne4 15. dxc5 Bxc5 16. e3 Qe7 17. Nxe4 dxe4 18. Nd4 Bxd4 19. Bxd4 Nxd4 20. exd4 Rcd8 21. Qb2 h6 22. Rcd1 Bd5 23. Bh3 Qg5 24. Qc1 Qh5 25. Bg2 Rc8 26. Qe3 f5 27. h4 Qf7 28. Rd2 Rc7 29. Qf4 Rec8 30. Bh3 Rc1 31. Rde2 Rxe1+ 32. Rxe1 Be6 33. Qe5 Rd8 34. Rd1 Rd5 35. Qb8+ Kh7 36. Qf4 Qd7 37. Kh2 g6 38. Qe3 Qd6 39. Bg2 Qd7 40. Rd2 a5 41. Qc3 Rd6 42. Qe3 Bd5 43. Qf4 Rc6 44. Qe5 Re6 45. Qf4 Qd6 46. Qxd6 Rxd6 47. Kg1 Kg7 48. Kf1 Kf6 49. Ke2 Bc6 50. Ke3 Ke6 51. Bf1 b5 52. Be2 a4 53. b4 Rd7 54. Rc2 Kd6 55. a3 Rb7 56. Rc5 Rb6 57. Bd1 Bd5 58. Be2 Bc6 59. Kf4 Rb7 60. Ke3 Rb6 1/2-1/2

[Event "World Cup U16 Girls Prel"]
[Site "Tornelo INT"]
[Date "2021.08.06"]
[Round "3"]
[White "Marium, Fatima"]
[Black "Vyas, Alisha"]
[Result "1-0"]
[WhiteElo "1511"]
[BlackElo "1282"]
[PlyCount "187"]
[EventDate "2021.08.06"]
[EventType "swiss (rapid)"]
[EventRounds "10"]
[EventCountry "NET"]
[SourceTitle "EXT 2025"]
[Source "ChessBase"]
[SourceDate "2024.10.14"]
[SourceVersion "1"]
[SourceVersionDate "2024.10.14"]
[SourceQuality "1"]

1. d4 Nf6 2. Nf3 g6 3. c4 Bg7 4. g3 d6 5. Bg2 0-0 6. Nc3 Nbd7 7. 0-0 c6 8. e4 Qb6 9. Qc2 Qa6 10. b3 e5 11. d5 cxd5 12. cxd5 Nc5 13. Nd2 b5 14. b4 Nb7 15. Qd3 Bd7 16. a4 Qb6 17. axb5 Bh6 18. Nb3 Bxc1 19. Rfxc1 Rfc8 20. Ra6 Qd8 21. Rca1 Qc7 22. Rc1 Qd8 23. Qf3 Kg7 24. Bf1 Rc7 25. Raa1 Qc8 26. Qd3 Qd8 27. Ne2 Qc8 28. Rxc7 Qxc7 29. Rc1 Qb6 30. Nc3 Qd8 31. Qe3 Qb8 32. Nd2 Qd8 33. Nf3 Qb8 34. h4 Ng4 35. Qd3 Qd8 36. Ne1 Qb6 37. Qe2 Rc8 38. Ng2 Nf6 39. Ne1 Bg4 40. Qe3 Bd7 41. Qxb6 axb6 42. Na2 Ra8 43. Nc3 Rc8 44. f3 h6 45. Kf2 g5 46. hxg5 hxg5 47. Na2 Rxc1 48. Nxc1 g4 49. Be2 gxf3 50. Kxf3 Bg4+ 51. Ke3 Bxe2 52. Nxe2 Ng4+ 53. Kf3 Nf6 54. Ng2 Nd8 55. Nh4 Ne8 56. Nf5+ Kg6 57. Nc1 Kf6 58. Nd3 Kg6 59. Ne7+ Kg5 60. Nc8 Nc7 61. Nxd6 f6 62. Nf2 Kg6 63. Ng4 Nf7 64. Nc8 f5 65. exf5+ Kxf5 66. Ne3+ Kf6 67. Nxb6 Nd6 68. Nec4 Nxc4 69. Nxc4 Nxb5 70. Ke4 Nc3+ 71. Kd3 Nxd5 72. b5 Ke6 73. b6 Nxb6 74. Nxb6 Kf5 75. Ke3 Kg4 76. Kf2 e4 77. Nd5 Kh3 78. Ne3 Kh2 79. g4 Kh3 80. g5 Kh4 81. g6 Kh5 82. g7 Kg6 83. g8Q+ Kf6 84. Qg4 Ke5 85. Qf5+ Kd4 86. Qd5+ Kc3 87. Qxe4 Kb3 88. Nf5 Kc3 89. Ke3 Kb2 90. Qd3 Kc1 91. Qe2 Kb1 92. Kd3 Ka1 93. Kc3 Kb1 94. Qb2# 1-0